| 000 | 00649nam a2200229Ia 4500 | ||
|---|---|---|---|
| 003 | GCL | ||
| 008 | 140319s9999 xx 000 0 ara d | ||
| 040 |
_aGCL / _cGCL |
||
| 082 | 0 | 4 |
_a960.3 _bى ا |
| 100 | 1 | _aيوسف روكز | |
| 245 | 1 | 0 |
_aافريقيا السوداء: سياسة وحضارة / _cيوسف روكز |
| 260 |
_a[S.N] : _bدائرة الاعلام ، _c1986 |
||
| 300 | _a279 ص | ||
| 490 | _a | ||
| 650 | 0 | 4 | _aالاحوال الاقتصادية |
| 650 | 0 | 4 | _aافريقيا |
| 650 | 0 | 4 | _aالمناخ |
| 650 | 0 | 4 | _aالاستعمار |
| 650 | 0 | 4 | _aالخرائط |
| 650 | 0 | 4 | _aالافريقيون |
| 942 |
_2ddc _cBK |
||
| 999 |
_c54220 _d54220 |
||